Stories worth reading 2 : Skills worth learning

Guardat en:
Dades bibliogràfiques
Autor principal: Cassriel, Betsy
Format: Llibre
Idioma:Undetermined
Publicat: United Kingdom Thomson and Heinle 2006
Matèries:
Etiquetes: Afegir etiqueta
Sense etiquetes, Sigues el primer a etiquetar aquest registre!
Thư viện lưu trữ: Trung tâm Học liệu Trường Đại học Cần Thơ
LEADER 00585nam a2200217Ia 4500
001 CTU_94790
008 210402s9999 xx 000 0 und d
020 |c 284000 
082 |a 428.2 
082 |b C343 
100 |a Cassriel, Betsy 
245 0 |a Stories worth reading 2 : 
245 0 |b Skills worth learning 
245 0 |c Betsy Cassriel, Gail Reynolds 
260 |a United Kingdom 
260 |b Thomson and Heinle 
260 |c 2006 
650 |a English language 
650 |x Study and teaching 
904 |i Năm 
980 |a Trung tâm Học liệu Trường Đại học Cần Thơ